Krstom knihy odštartovali oslavy jubilea

Bibliographic Details
Format: Article
Language:Slovak
PhysicalDescription:Fotogr.
ISSN:1335-7573
Subjects:
Online Access:www.korzar.sk

MARC

LEADER 00000nab a2200000 ar4500
001 vtls009006270
003 SK-MaSNL
005 20260303065731.0
008 180911c2007 xo dr|p|||||||000 ||slo
038 |a PPPK 
040 |a PPPKCL  |b slo  |c PPPK  |e AACR2 
041 0 |a slo 
044 |a xo  |c SK 
080 |a 908  |x (437.6)  |2 1997 
245 0 0 |a Krstom knihy odštartovali oslavy jubilea  |c [autor] (toti) ; foto: Tomáš Tišťan 
300 |b Fotogr. 
600 1 7 |a Argalács, Mikuláš  |d 1942-  |t Tatranské cesty k samostatnosti  |2 pppkcl  |9 1050014 
648 7 |a 1947-2007  |2 pppkcl  |9 404549 
650 0 7 |a oslavy jubilea  |z Vysoké Tatry (Slovensko : mesto)  |2 pppkcl  |9 1066194 
651 7 |a Vysoké Tatry (Slovensko : mesto)  |2 pppkcl  |9 176366 
773 0 |t Tatranský denník Korzár  |g Roč. IX, č. 63 (16.3.2007), s. 2  |x 1335-7573 
852 |a PPPK  |b KIS3GCP 
856 |u www.korzar.sk 
999 |c 1752418  |d 1754348